00365nam a22001097a 4500020001600000082000800016100002600024245012900050260003500179300002600214650001500240 qHard Cover. a658 aIqrash Muhammad, Awan aDeterminant of Inward FDI in Bangladesh, Pakistan and Sri Lanka:bAn overview and policy implications cMuhammad Iqrash Awan aIslamabad:bNBS - NUST,c2014. a44 p. : ill. ;c30cm. aMBA Thesis